Online
Catalog

La fundación / (Record no. 19156)

MARC details
000 -CABECERA
campo de control de longitud fija 00921cam a2200265 a 4500
001 - NÚMERO DE CONTROL
campo de control 000019640
005 - FECHA Y HORA DE LA ÚLTIMA TRANSACCIÓN
campo de control 20200929170103.0
008 - DATOS DE LONGITUD FIJA--INFORMACIÓN GENERAL
campo de control de longitud fija 900503s1994 sp 000 d spa d
020 ## - NÚMERO INTERNACIONAL ESTÁNDAR DEL LIBRO
Número Internacional Estándar del Libro 8423919145
040 ## - FUENTE DE LA CATALOGACIÓN
Centro catalogador/agencia de origen DO-SdBNP
Lengua de catalogación spa
Centro/agencia transcriptor DLC
Centro/agencia modificador BNPHU
082 ## - NÚMERO DE LA CLASIFICACIÓN DECIMAL DEWEY
Número de clasificación 862.64
Número de documento/Ítem B928f, 1994
049 ## - FONDOS LOCALES (OCLC)
Fondos de biblioteca BNGR
100 1# - ENTRADA PRINCIPAL--NOMBRE DE PERSONA
Nombre de persona Buero Vallejo, Antonio,
Fechas asociadas al nombre 1916-2000.
9 (RLIN) 17657
245 13 - MENCIÓN DE TÍTULO
Título La fundación /
Mención de responsabilidad, etc. Antonio Buero Vallejo ; edición Francisco Javier Díez de Revenga.
250 ## - MENCIÓN DE EDICIÓN
Mención de edición 4a ed.
260 ## - PUBLICACIÓN, DISTRIBUCIÓN, ETC.
Lugar de publicación, distribución, etc. Madrid, (España) :
Nombre del editor, distribuidor, etc. Editorial Espasa Calpe,
Fecha de publicación, distribución, etc. 1994.
300 ## - DESCRIPCIÓN FÍSICA
Extensión 173 p. ;
Dimensiones 18 cm.
490 1# - MENCIÓN DE SERIE
Mención de serie Austral. Literatura
Designación de volumen o secuencia 114
600 14 - PUNTO DE ACCESO ADICIONAL DE MATERIA--NOMBRE DE PERSONA
Nombre de persona BUERO VALLEJO, ANTONIO
Subdivisión general CRÍTICA E INTERPRETACIÓN
9 (RLIN) 42088
650 #4 - PUNTO DE ACCESO ADICIONAL DE MATERIA--TÉRMINO DE MATERIA
Término de materia o nombre geográfico como elemento de entrada Teatro español
9 (RLIN) 3071
650 #4 - PUNTO DE ACCESO ADICIONAL DE MATERIA--TÉRMINO DE MATERIA
Término de materia o nombre geográfico como elemento de entrada Literatura española
9 (RLIN) 632
700 1# - PUNTO DE ACCESO ADICIONAL--NOMBRE DE PERSONA
Nombre de persona Díez de Revenga, Francisco Javier,
Término indicativo de función/relación ed.
9 (RLIN) 15666
830 #0 - PUNTO DE ACCESO ADICIONAL DE SERIE-TÍTULO UNIFORME
Título uniforme Austral.
Nombre de parte o sección de la obra Literatura
Designación de volumen o secuencia 114
9 (RLIN) 21451
910 ## - DATOS DE OPCIÓN DEL USUARIO (OCLC)
Datos de opción del usuario Catalogación derivada / LC
Holdings
Estado de retiro Estado de pérdida Restricciones de uso No para préstamo Código de colección Localización permanente Ubicación/localización actual Ubicación en estantería Fecha de adquisición Número de inventario Total de préstamos Signatura topográfica completa Código de barras Fecha visto por última vez Precio válido a partir de Tipo de ítem Koha
        Monografías: Libros y Folletos General General En catalogación 01.07.2010 LF1   862.64 B928f, 1994 19640-10 25.06.2020 25.06.2020 Préstamo en sala

Powered by Koha